<?xml version="1.0" encoding="UTF-8"?>
<record
    xmlns:xsi="http://www.w3.org/2001/XMLSchema-instance"
    xsi:schemaLocation="http://www.loc.gov/MARC21/slim http://www.loc.gov/standards/marcxml/schema/MARC21slim.xsd"
    xmlns="http://www.loc.gov/MARC21/slim">

  <leader>00889nam a22002057a 4500</leader>
  <controlfield tag="003">BR-ViAPE</controlfield>
  <controlfield tag="005">20260423121207.0</controlfield>
  <controlfield tag="008">260423s1912    porc|||gsn||| 001 0 por d</controlfield>
  <datafield tag="040" ind1=" " ind2=" ">
    <subfield code="c">BR-ViAPE</subfield>
  </datafield>
  <datafield tag="100" ind1=" " ind2=" ">
    <subfield code="a">Claudio, Affonso</subfield>
  </datafield>
  <datafield tag="245" ind1=" " ind2=" ">
    <subfield code="a">Hist&#xF3;ria da literatura Esp&#xED;rito-Santense:</subfield>
    <subfield code="b">subs&#xED;dios para a hist&#xF3;ria da literatura brasileira</subfield>
  </datafield>
  <datafield tag="260" ind1=" " ind2=" ">
    <subfield code="a">Porto</subfield>
    <subfield code="b">Officinas do "Commercio do Porto"</subfield>
    <subfield code="c">1912</subfield>
  </datafield>
  <datafield tag="300" ind1=" " ind2=" ">
    <subfield code="a">563 p.</subfield>
    <subfield code="b">Documento digitalizado (PDF)</subfield>
  </datafield>
  <datafield tag="500" ind1=" " ind2=" ">
    <subfield code="a">Documento digitalizado do acervo institucional do Arquivo P&#xFA;blico do Estado do Esp&#xED;rito Santo - APEES.</subfield>
  </datafield>
  <datafield tag="500" ind1=" " ind2=" ">
    <subfield code="a">Inclui pr&#xF3;logo de Clovis Bevilaqua</subfield>
  </datafield>
  <datafield tag="650" ind1=" " ind2=" ">
    <subfield code="a">Literatura - hist&#xF3;ria</subfield>
    <subfield code="z">Esp&#xED;rito Santo</subfield>
  </datafield>
  <datafield tag="651" ind1=" " ind2=" ">
    <subfield code="a">Esp&#xED;rito Santo</subfield>
    <subfield code="x">Literatura brasileira</subfield>
  </datafield>
  <datafield tag="856" ind1=" " ind2=" ">
    <subfield code="u">https://ape.es.gov.br/Media/ape/PDF/Livros/Livros_Historicos/sndt30cb.pdf</subfield>
    <subfield code="y">CLIQUE AQUI PARA ACESSAR O DOCUMENTO</subfield>
  </datafield>
  <datafield tag="942" ind1=" " ind2=" ">
    <subfield code="2">ddc</subfield>
    <subfield code="c">OBRAS_RARA</subfield>
    <subfield code="n">1</subfield>
  </datafield>
  <datafield tag="999" ind1=" " ind2=" ">
    <subfield code="c">563</subfield>
    <subfield code="d">563</subfield>
  </datafield>
  <datafield tag="952" ind1=" " ind2=" ">
    <subfield code="0">0</subfield>
    <subfield code="2">ddc</subfield>
    <subfield code="4">0</subfield>
    <subfield code="7">0</subfield>
    <subfield code="a">BIB.APEES</subfield>
    <subfield code="b">BIB.APEES</subfield>
    <subfield code="d">2026-04-23</subfield>
    <subfield code="l">0</subfield>
    <subfield code="r">2026-04-23 12:12:12</subfield>
    <subfield code="w">2026-04-23</subfield>
    <subfield code="y">OBRAS_RARA</subfield>
  </datafield>
</record>
